000 01171nam a2200253 a 4500
001 000307963
003 AM-YeHGA
005 20250618071954.0
008 040212s1985 ai ||||gr|||||||||0|kur|d
040 _aAM-YeHGA
041 0 _akur
245 0 0 _aЗапготьна к’öрде суриане поэзиа :
_bПоэзиа /
_cՀՍՍՀ ԳԱ. Արևելագիտ. ին-տ; Գրառեց, կազմ. և ծանոթագր.՝ Ջ. Ջալիլ.
246 1 5 _aՍիրիայի քրդերի բանահյուսություն
246 1 5 _aФольклор курдов Сирии
260 _aԵրևան :
_bՀայկական ՍՍՀ ԳԱ հրատ,
_c1985.
300 _a340 էջ
546 _aԿազմ. վրա և տեքստը քրդերեն լեզվ.
650 1 4 _aՔրդական գրականություն
_9733
700 1 _aՋալիլե Ջալիլ Ջասըմի
_eկազմ.
_4com
710 2 _aՀՀ գիտությունների ազգային ակադեմիա :
_bԱրևելագիտության ինստիտուտ
_98626
856 4 _uhttps://arar.sci.am/dlibra/publication/372557/edition/342828/content
_yԿարդալ առցանց
942 _2udc
_cBK
090 _c114983
999 _c113644
_d113644